| 000 -LEADER |
| fixed length control field |
00653nam a22001817a 4500 |
| 020 ## - INTERNATIONAL STANDARD BOOK NUMBER |
| ISBN |
9781264266883 (ebook) |
| 082 ## - DEWEY DECIMAL CLASSIFICATION NUMBER |
| Classification number |
510.33 |
| Item number |
P397s 2021 |
| 100 ## - MAIN ENTRY--AUTHOR NAME |
| Personal name |
Peña-Lévano, Luis Moises, author. |
| 245 ## - TITLE STATEMENT |
| Title |
Schaum's outline of mathematical methods for business, economics, and finance / Luis Moises Peña-Lévano. |
| 250 ## - EDITION STATEMENT |
| Edition statement |
Second edition |
| 260 ## - PUBLICATION, DISTRIBUTION, ETC. (IMPRINT) |
| Place of publication |
New York, NY : |
| Name of publisher |
McGraw Hill, |
| Year of publication |
2021. |
| 300 ## - PHYSICAL DESCRIPTION |
| Number of Pages |
1 online resource, 635 pages : |
| Other physical details |
illustrations. |
| 500 ## - GENERAL NOTE |
| General note |
includes index. |
| 650 ## - SUBJECT ADDED ENTRY--TOPICAL TERM |
| Topical Term |
Mathematical methods for business |
| 650 ## - SUBJECT ADDED ENTRY--TOPICAL TERM |
| Topical Term |
Mathematical methods for econmics |
| 650 ## - SUBJECT ADDED ENTRY--TOPICAL TERM |
| Topical Term |
Mathematical methods for finance |
| 942 ## - ADDED ENTRY ELEMENTS (KOHA) |
| Koha item type |
Electronic Books |